01489nac a22003251i 4500003000900000005001700009008004100026020002800067020001800095040004300113082001900156110007700175245016800252264007100420300004500491336002600536337002800562338002700590490010900617500002100726650005000747655001700797700004100814700003000855700003800885856007600923942001200999999001501011952013701026EG-ScBUE20250528101620.0250312s2004 riua f 101 0 eng d a082183584X (alk. paper) a9780821835845 aEG-ScBUEbengerdacEG-ScBUEdEG-ScBUE04a519.6bAME2222 aAmerican Mathematical Society.bshort coursed(2004 :cPhoenix, Arizona)10aTrends in optimization :bAmerican mathematical society short course, January 5-6, 2004, Phoenix, Arizona /cSerkan Hoşten, Jon Lee, Rekha R. Thomas, editors. 1aProvidence, Rhode Island : bAmerican Mathematical Society,c2004. aix, 140 pages :billustrations ;c27 cm. 2rdacontentatextbtxt aunmediated2rdamediabn avolumebnc2rdacarrier0 aProceedings of symposia in applied mathematics,x0160-7634 ;vvolume 61.aAMS short course lecture notes aIncludes index.  7aMathematical optimizationvCongresses.2BUEsh vReading book1 aHoşten, Serkan,d1969-eeditor.1 aLee, Jon,d1960-eeditor.1 aThomas, Rekha R.,d1967-eeditor.413Table of contentsuhttp://www.loc.gov/catdir/toc/fy0601/2004059477.html cBB2ddc c2017d2017 00102ddc40708BaccahaMAINbMAINc1STd2007-02-07ePurchasel0o519.6 AMEp000002299r2025-07-15 00:00:00v257.50w2007-02-07yBB